01068pam a2200313 a 45000010008000000030004000080050017000120080041000290100017000700200041000870200018001280400018001460410013001640500024001770820017002011000021002182400038002392450151002772500012004282600044004403000034004845040066005186500017005846500027006017000049006289060045006779420014007229990018007362107211OSt20161205131955.0960715s1996 gw a b 001 0 eng  a 96029219  a3540615555 (Berlin : acidfree paper) a9783540615552 aDLCcDLCdDLC1 aenghger00aQC173b.H17513 199600a539222bHHP1 aHaken, H.95721810aAtom- und Quantenphysik.lEnglish14aThe physics of atoms and quanta :bintroduction to experiments and theory /cHermann Haken, Hans Christoph Wolf ; translated by William D. Brewer. a5th ed. aBerlin ;aNew York :bSpringer,cc1996. axvi, 475 p. :bill. ;c25 cm. aIncludes bibliographical references (p. [459]-463) and index. 0aAtoms.98910 0aQuantum theory.9572191 aWolf, H. C.q(Hans Christoph),d1929-957220 a7bcbccorignewd1eocipf19gy-gencatlg 2ddccBOOK c39977d274477